Prénoms d'acteurs et d'actrices - Statistiques

Statistiques générales
  • Ce quiz a été pris 8 935 fois
    8 899 depuis la dernière actualisation
  • Le résultat moyen est 98 sur 204
Statistiques - réponses
Nom Prénom % Correct
Travolta John
93%
Cruise | Hardy Tom
93%
DiCaprio Leonardo
92%
Pacino Al
90%
Pitt Brad
90%
Clooney George
90%
Dujardin Jean
90%
De Funès Louis
90%
Depp Johnny
89%
Chaplin Charlie
88%
Diesel Vin
87%
Debbouze Jamel
86%
Cotillard Marion
85%
Affleck Ben
84%
Aniston Jennifer
84%
Bardot Brigitte
83%
Dubosc Franck
83%
Bellucci Monica
83%
Elmaleh Gad
82%
Chabat Alain
81%
Radcliffe Daniel
81%
Jolie Angelina
80%
Hemsworth Chris
80%
Smith Will
80%
Winslet Kate
79%
Deneuve Catherine
78%
Nicholson Jack
78%
Monroe Marilyn
78%
Boon Dany
77%
Downey Jr. Robert
77%
Gosling Ryan
77%
Cassel Vincent
77%
Efron Zac
77%
Eastwood Clint
76%
Marceau Sophie
76%
Adams Kev
75%
Portman Natalie
75%
Timberlake Justin
74%
Damon Matt
74%
Sy Omar
74%
Niney Pierre
74%
Diaz Cameron
73%
Freeman Morgan
73%
Carrey Jim
71%
Roberts Julia
71%
Schwarzenegger Arnold
70%
Franco James
69%
Gomez Selena
69%
Hathaway Anne
68%
Kidman Nicole
68%
Stone Emma
66%
Merad Kad
66%
Gibson Mel
66%
Cage Nicolas
66%
Cluzet François
65%
Canet Guillaume
65%
Cruz Penelope
65%
Johansson Scarlett
65%
Alba Jessica
64%
Bullock Sandra
64%
Adjani Isabelle
63%
Streep Meryl
63%
Connery Sean
62%
Blanchett Cate
61%
Judor Eric
60%
Fassbender Michael
60%
Tautou Audrey
59%
Willis Bruce
59%
Bale Christian
59%
Chan Jackie
59%
Stallone Sylvester
59%
Statham Jason
58%
Cooper Bradley
57%
Jackman Hugh
57%
Costner Kevin
57%
Robbie Margot
57%
Bloom Orlando
56%
Cavill Henry
55%
Brando Marlon
55%
Hopkins Anthony
54%
Poelvoorde Benoît
54%
O'Brien Dylan
54%
Dempsey Patrick
54%
Garfield Andrew
53%
Lively Blake
52%
Green Eva
52%
Kunis Mila
52%
Leto Jared
51%
Sandler Adam
49%
Astaire Fred
49%
Gyllenhaal Jake
49%
Walker Paul
49%
Bonham Carter Helena
48%
Dobrev Nina
48%
Pegg Simon
48%
Hudgens Vanessa
48%
Cumberbatch Benedict
47%
Foxx Jamie
47%
Law Jude
47%
Reeves Keanu
47%
Neeson Liam
47%
Gere Richard
47%
Rickman Alan
46%
Astier Alexandre
46%
Ford Harrison
46%
Stewart Kristen
46%
Hasselhoff David
45%
Blunt Emily
45%
McConaughey Matthew
45%
Theron Charlize
43%
Knightley Keira
43%
Wahlberg Mark
42%
Fox Megan
42%
Thurman Uma
42%
Saldana Zoe
42%
Paltrow Gwyneth
41%
LaBeouf Shia
41%
Washington Denzel
40%
Kruger Diane
40%
Ledger Heath
40%
Dinklage Peter
40%
Signoret Simone
40%
Foster Jodie
39%
Crowe Russell
39%
Lautner Taylor
39%
Tatum Channing
38%
Lohan Lindsay
38%
Bedia Ramzy
38%
Worthington Sam
38%
Maguire Tobey
38%
Kutcher Ashton
37%
Farrell Colin
37%
Laurent Mélanie
37%
Jaa Tony
37%
Fiennes Ralph
36%
Norton Edward
35%
Murray Bill
34%
Cranston Bryan
33%
McGregor Ewan
32%
Dietrich Marlene
32%
Grint Rupert
32%
Dolan Xavier
32%
Butler Gerard
31%
Renner Jeremy
31%
Witherspoon Reese
31%
Dunst Kirsten
30%
Lee Christopher
28%
Gable Clark
28%
Gordon-Levitt Joseph
28%
Moore Roger
28%
Brody Adrien
27%
Heigl Katherine
27%
Jovovich Milla
27%
Serkis Andy
26%
Berry Halle
26%
Watts Naomi
26%
Mortensen Viggo
26%
Bogart Humphrey
25%
McKellen Ian
25%
Bergman Ingrid
25%
Coltrane Robbie
25%
Eisenberg Jesse
24%
Harington Kit
24%
Rodriguez Michelle
24%
Jackson Samuel L.
24%
Stone Sharon
24%
Weisz Rachel
23%
Williams Robin
23%
Harrelson Woody
23%
Taylor-Johnson Aaron
22%
Johnson Dwayne
22%
Fishburne Laurence
22%
Mikkelsen Mads
22%
Weaver Sigourney
22%
Page Ellen
21%
Christensen Hayden
21%
Hartnett Josh
21%
Whitaker Forest
20%
Murphy Cillian
19%
Wilson Owen
19%
Smart Amy
18%
Gardner Ava
18%
Lilly Evangeline
18%
Li Jet
18%
Moore Julianne
17%
Freeman Martin
17%
Deschanel Zooey
17%
Jones Tommy Lee
16%
Weaving Hugo
15%
Tyler Liv
15%
Ackles Jensen
14%
Galifianakis Zach
14%
Urban Karl
13%
Wood Elijah
12%
Arterton Gemma
12%
Smith Maggie
11%
Monaghan Dominic
10%
Boyd Billy
9%
Owen Clive
9%
Moss Carrie-Anne
6%
Yen Donnie
6%
Miller Wentworth
5%
Parker Mary-Louise
4%
Aucun quiz correspondant
Distribution des résultats
% des personnes avec chaque résultat
Percentile par nombre de réponses
Votre historique - résultats
Vous n’avez pas pris ce quiz depuis la dernière actualisation